| Tag |
First Indicator |
Second Indicator |
Subfields |
| LEADER |
00000cam a2200000Ia 4500 |
| 001 |
in00002425277 |
| 006 |
m d |
| 007 |
cr cn||||||||| |
| 008 |
070829s2007 xx s 000 0 eng d |
| 005 |
20260609193553.3 |
| 020 |
|
|
|a 9780444528155
|
| 020 |
|
|
|a 0444528156
|
| 035 |
|
|
|a (OCoLC)166379227
|
| 037 |
|
|
|a 131704:131810
|b Elsevier Science & Technology
|n http://www.sciencedirect.com
|
| 040 |
|
|
|a OPELS
|c OPELS
|d OPELS
|d YDXCP
|d UtOrBLW
|
| 049 |
|
|
|a TEFA
|
| 050 |
1 |
4 |
|a QC861.3
|b .S67 2007eb
|
| 082 |
0 |
4 |
|a 551.6
|2 22
|
| 245 |
0 |
0 |
|a Global warming and global cooling :
|b evolution of climate on Earth.
|
| 264 |
|
1 |
|a [Place of publication not identified] :
|b Elsevier Science,
|c 2007.
|
| 300 |
|
|
|a 1 volume
|
| 336 |
|
|
|a text
|b txt
|2 rdacontent
|
| 337 |
|
|
|a computer
|b c
|2 rdamedia
|
| 338 |
|
|
|a online resource
|b cr
|2 rdacarrier
|
| 490 |
1 |
|
|a Developments in earth & environmental sciences ;
|v 5
|
| 520 |
|
|
|a The theory of the Earth's climate evolution based on universal chemical-physical laws of matter-energy transformation is presented in the book. It shows how the process of Earth's core separation has led to formation and evolution of the hydrosphere and atmosphere. Having analyzed the processes of heat transfer in the atmosphere, the writers developed the adiabatic theory of the greenhouse effect, which was applied for analysis of climatic changes on the Earth. The influence of changes in climate on formation of mineral deposits and development of life on Earth was considered and presented based on modeling of typical climatic regimes. It shows that the anthropogenic effect on the Earth's global temperature is negligible in comparison with the effect of global forces of nature. * Presents the theory of Earth's evolution based on the laws of chemical-density differentiation of the origin of the Earth * Discusses the adiabatic theory of the greenhouse effect with quantitative estimates of the natural and anthropogenic influences on Earth's climates * Describes the quantitative description of the evolution of the Earth's climate throughout geologic history and prediction of the future of the Earth's climate * Investigates the global forces of nature driving the Earth's climate.
|
| 505 |
0 |
|
|a 1. Global Evolution of the Earth. 2. Outgassing of the earth and Formation of Hydrosphere and Atmosphere. 3. Role of Iron in the Formation of Atmosphere. 4. Evolution of Oceanic Crust. 5. Origin of Carbon Dioxide, Methane, Nitrogen and Oxygen in the Atmosphere. 6. Evolution of Pressure and Composition of Atmosphere. 7. Evolution of Partial Pressure of Nitrogen in Atmosphere. 8. Generation of Abiogenic Methane and Origin of Life on the Earth. 9. Green House Effect (Global Warming). 10. Origin of Ice Ages. 11. Bacterial Nature of Glacial Periods. 12. Evolution of Climates.
|
| 533 |
|
|
|a Electronic reproduction.
|b Amsterdam :
|c Elsevier Science & Technology,
|d 2007.
|n Mode of access: World Wide Web.
|n System requirements: Web browser.
|n Title from title screen (viewed on Aug. 15, 2007).
|n Access may be restricted to users at subscribing institutions.
|
| 500 |
|
|
|a Electronic resource.
|
| 650 |
|
0 |
|a Climatology.
|
| 655 |
|
7 |
|a Electronic books.
|2 local
|
| 700 |
1 |
|
|a Sorokhtin, O. G.
|
| 700 |
1 |
|
|a Chilingar, George V.,
|d 1929-
|
| 700 |
1 |
|
|a Khilyuk, Leonid F.
|
| 710 |
2 |
|
|a ScienceDirect (Online service)
|
| 776 |
1 |
|
|c Original
|z 0444528156
|z 9780444528155
|w (OCoLC)159579198
|
| 830 |
|
0 |
|a Developments in earth & environmental sciences ;
|v 5.
|
| 856 |
4 |
0 |
|u http://proxy.library.tamu.edu/login?url=https://www.sciencedirect.com/science/publication?issn=15719197&volume=5
|z Connect to the full text of this electronic book
|t 0
|
| 938 |
|
|
|a YBP Library Services
|b YANK
|n 2533989
|
| 994 |
|
|
|a C0
|b TEF
|
| 999 |
|
|
|a MARS
|
| 999 |
f |
f |
|s de53da0c-6c00-3c06-b770-bb083f06c2dc
|i 77fc5f47-04bb-3417-bfff-4708ce11cd73
|t 0
|
| 952 |
f |
f |
|a Texas A&M University
|b College Station
|c Electronic Resources
|s www_evans
|d Available Online
|t 0
|e QC861.3 .S67 2007eb
|h Library of Congress classification
|
| 998 |
f |
f |
|a QC861.3 .S67 2007eb
|t 0
|l Available Online
|